Wszystkie postacie z Brawl Stars - Statystyki

Ogólne statystyki
  • Ten quiz został rozwiązany 513 razy
  • Średni wynik to 17 z 29
Statystyki odpowiedzi
Hint Odpowiedź % Poprawnych
3. Colt
90%
1. Shelly
90%
4. Bull
83%
2. Nita
80%
29. Leon
77%
26. Crow
69%
28. Spike
68%
13. El Primo
66%
9. Jessie
65%
24. Mortis
63%
10. Brock
62%
12. Rosa
62%
5. Dynamike
60%
7. Bo
58%
27. Sandy
57%
11. Barley
56%
6. Tick
55%
25. Tara
54%
14. Poco
53%
8. 8-Bit
52%
15. Penny
52%
18. Rico
50%
21. Pam
49%
16. Darryl
47%
20. Frank
47%
23. Gene
47%
22. Bibi
45%
17. Carl
45%
19. Piper
45%
Nie znaleziono quizów pasujących do podanych kryteriów
Rozkład punktacji
Procent ludzi z każdym wynikiem
Percentyl według liczby udzielonych odpowiedzi
Twoja historia wyników
Nie rozwiązałeś tego quizu